| 000 | 00550nam a2200217Ia 4500 | ||
|---|---|---|---|
| 003 | OSt | ||
| 005 | 20230406112129.0 | ||
| 008 | 210423s2009 xx 000 0 und d | ||
| 020 | _a9788120338272 | ||
| 040 | _cAL | ||
| 041 | _aeng | ||
| 082 |
_a337 SAWW _223 |
||
| 100 |
_aSAWYER (W Charles);SPRINKLE (Richard L). _984245 |
||
| 245 | _aInternational economics. | ||
| 250 | _a3 | ||
| 260 |
_aNew Delhi _bPHI Learning Pvt Ltd _c2009 |
||
| 300 |
_axxx,546 _bPB |
||
| 365 |
_b350 _cINR |
||
| 906 | _aeconomics. ; International | ||
| 942 |
_2ddc _cBK |
||
| 999 |
_c158841 _d158841 |
||